Historia del Tiempo: del big bang a los agujeros negros

Đã lưu trong:
Chi tiết về thư mục
Tác giả chính: Hawking, Stephen W (Tác giả)
Định dạng: Sách
Ngôn ngữ:Tiếng Tây Ban Nha
Được phát hành: Buenos Aires Planeta 2002
Phiên bản:2a. ed
Những chủ đề:
Các nhãn: Thêm thẻ
Không có thẻ, Là người đầu tiên thẻ bản ghi này!

MARC

LEADER 00000nam a2200000 a 4500
001 UCK4524
003 CL-VaPUC
008 050610e20020000AG |||||||||||||||||spa|d
020 |a 9879317114 
082 0 4 |a 530.11  |b HAW  |2 21 
100 0 |a Hawking, Stephen W  |e author  |9 321623 
245 1 0 |a Historia del Tiempo: del big bang a los agujeros negros 
250 |a 2a. ed 
300 |a 245 p 
942 |c BK 
945 |d 20050610 00:00:00  |a cmena 
260 |a Buenos Aires  |b Planeta  |c 2002 
650 0 |a Espacio y tiempo  |9 265042 
650 0 |a Tiempo   |9 267892 
650 0 |a Astronomía  |9 260985 
650 0 |a Universo  |9 266563 
650 0 |a Agujeros negros (Astronomía)  |9 375418 
650 0 |a Cosmología  |9 269138 
583 |a last modification  |c 20160915 12:33:07  |k Rodrigo Vera 
999 |c 313355  |d 313353 
952 |0 0  |1 0  |4 0  |6 530_110000000000000_HAW_2002  |7 0  |8 A  |9 384676  |a BIBCUR  |b BIBCUR  |d 2019-11-22  |i 4132688  |l 1  |m 2  |o 530.11 HAW 2002  |p 4132688  |r 2025-04-22  |s 2023-10-30  |w 2019-11-22  |y BK  |k BCB 
952 |0 0  |1 0  |4 0  |6 530_110000000000000_HAW_2002  |7 0  |8 A  |9 384677  |a BIBARQ  |b BIBARQ  |d 2019-11-22  |i 4203321  |o 530.11 HAW 2002  |p 4203321  |r 2019-11-22  |w 2019-11-22  |y BK  |k ARQ